[Event "Titled Tuesday intern op 16th Apr Late"]
[Site "Chess.com INT"]
[Date "2024.04.16"]
[Round "10"]
[White "Bornholdt, Joa Max"]
[Black "Domingo Nunez, Alejandro"]
[Result "0-1"]
[WhiteElo "2268"]
[BlackElo "2318"]
[PlyCount "108"]
[EventDate "2024.04.16"]
[EventType "swiss (blitz)"]
[EventRounds "11"]
[EventCountry "USA"]
[SourceTitle "CB17_2024"]
[SourceDate "2024.04.24"]
[SourceVersion "1"]
[SourceVersionDate "2024.04.24"]
[SourceQuality "1"]

1. e4 g6 2. d4 Bg7 3. Nc3 c6 4. h4 h5 5. Nh3 d5 6. e5 Bxh3 7. Rxh3 c5 8. dxc5 e6 9. f4 Nh6 10. a3 Nf5 11. Bd3 Nxh4 12. Kf1 Nc6 13. Nb5 0-0 14. Nd6 Rb8 15. b4 Ne7 16. Rxh4 b6 17. Be3 f6 18. Kg1 fxe5 19. fxe5 Nc6 20. Rh3 Nxe5 21. Rc1 Ng4 22. Bxg6 Qf6 23. Bh7+ Kh8 24. Rxh5 Nxe3 25. Bg6+ Kg8 26. Bh7+ Kh8 27. Bg6+ Bh6 28. Rxh6+ Kg7 29. Rh7+ Kg8 30. Bf7+ Kxh7 31. Qh5+ Kg7 32. Re1 Rh8 33. Qg6+ Qxg6 34. Bxg6 Kxg6 35. Rxe3 bxc5 36. Rxe6+ Kg5 37. bxc5 Rb1+ 38. Kf2 Rf8+ 39. Ke2 Rb2 40. Re5+ Kf4 41. Rxd5 Rxc2+ 42. Kd3 Rc1 43. Rd4+ Ke5 44. Rh4 Rxc5 45. Nc4+ Ke6 46. Rh6+ Kd5 47. Rh5+ Kc6 48. Rh6+ Kb7 49. Nd6+ Kc7 50. Ne4 Ra5 51. Kc4 Ra4+ 52. Kd5 Rd8+ 53. Kc5 Rxe4 54. Rh7+ Rd7 0-1

[Event "Titled Tuesday intern op 16th Apr Late"]
[Site "Chess.com INT"]
[Date "2024.04.16"]
[Round "3"]
[White "Rustemov, Alexander"]
[Black "Domingo Nunez, Alejandro"]
[Result "1-0"]
[WhiteElo "2525"]
[BlackElo "2318"]
[PlyCount "75"]
[EventDate "2024.04.16"]
[EventType "swiss (blitz)"]
[EventRounds "11"]
[EventCountry "USA"]
[SourceTitle "CB17_2024"]
[SourceDate "2024.04.24"]
[SourceVersion "1"]
[SourceVersionDate "2024.04.24"]
[SourceQuality "1"]

1. d4 g6 2. c4 Bg7 3. Nf3 Nf6 4. g3 0-0 5. Bg2 d6 6. Nc3 Nbd7 7. 0-0 c5 8. d5 Rb8 9. e4 a6 10. a4 b6 11. h3 Ne8 12. Bf4 Nc7 13. Qc2 b5 14. Nd2 Ne5 15. b3 b4 16. Ne2 e6 17. Rae1 exd5 18. exd5 Bf5 19. Ne4 Qd7 20. Kh2 Rbe8 21. Ng1 h6 22. Re2 g5 23. Bc1 Bg6 24. g4 f5 25. gxf5 Bxf5 26. f4 gxf4 27. Bxf4 Ng6 28. Bg3 h5 29. Nf3 Qd8 30. h4 Ne5 31. Nfg5 Ng4+ 32. Kh1 Bd4 33. Qd2 Bg6 34. Nxd6 Rxf1+ 35. Bxf1 Ne3 36. Bh3 Re7 37. Ne6 Nxe6 38. Bxe6+ 1-0

[Event "Titled Tuesday intern op 16th Apr Early"]
[Site "Chess.com INT"]
[Date "2024.04.16"]
[Round "11"]
[White "Tsaruk, Maksim"]
[Black "Domingo Nunez, Alejandro"]
[Result "1-0"]
[WhiteElo "2484"]
[BlackElo "2318"]
[PlyCount "121"]
[EventDate "2024.04.16"]
[EventType "swiss (blitz)"]
[EventRounds "11"]
[EventCountry "USA"]
[SourceTitle "CB17_2024"]
[SourceDate "2024.04.24"]
[SourceVersion "1"]
[SourceVersionDate "2024.04.24"]
[SourceQuality "1"]

1. e4 g6 2. d4 Bg7 3. Nc3 c6 4. Bf4 d5 5. exd5 cxd5 6. Nb5 Kf8 7. Nf3 Nc6 8. c3 a6 9. Na3 Bg4 10. h3 Bxf3 11. Qxf3 e6 12. Bd3 Nge7 13. 0-0 b5 14. Nc2 Nf5 15. b4 Nd6 16. a4 Nc4 17. axb5 axb5 18. Rxa8 Qxa8 19. Bxc4 dxc4 20. Ra1 Qb7 21. Bd6+ Kg8 22. Ne3 f5 23. d5 Nd8 24. dxe6 Qxf3 25. e7 Kf7 26. exd8Q Rxd8 27. Ra7+ Kg8 28. Rxg7+ Kxg7 29. Be5+ Kf7 30. gxf3 Rd3 31. f4 Ke6 32. Kf1 g5 33. Bd4 gxf4 34. Ng2 Rd1+ 35. Ke2 f3+ 36. Kxf3 Kd6 37. Ne3 Rh1 38. Nxf5+ Ke6 39. Kg4 Rg1+ 40. Ng3 Rd1 41. f4 Kd5 42. Bh8 Rd3 43. f5 Rd2 44. h4 Rf2 45. h5 Kd6 46. h6 Ke7 47. Bg7 Kf7 48. Ne4 Rg2+ 49. Kf4 Rh2 50. Ke5 Rh5 51. Nd6+ Ke7 52. Nxb5 Rh3 53. Kd5 Rf3 54. f6+ Kf7 55. Kxc4 Rf5 56. Nd4 Rf4 57. b5 Rh4 58. b6 Rh1 59. b7 Rb1 60. Nb3 Rxb3 61. Kxb3 1-0

[Event "Titled Tuesday intern op 16th Apr Early"]
[Site "Chess.com INT"]
[Date "2024.04.16"]
[Round "8"]
[White "Vaz, Ethan"]
[Black "Domingo Nunez, Alejandro"]
[Result "1-0"]
[WhiteElo "2411"]
[BlackElo "2318"]
[PlyCount "69"]
[EventDate "2024.04.16"]
[EventType "swiss (blitz)"]
[EventRounds "11"]
[EventCountry "USA"]
[SourceTitle "CB17_2024"]
[SourceDate "2024.04.24"]
[SourceVersion "1"]
[SourceVersionDate "2024.04.24"]
[SourceQuality "1"]

1. c4 g6 2. g3 Bg7 3. Bg2 Nf6 4. Nf3 0-0 5. 0-0 d6 6. Nc3 Nbd7 7. Rb1 c5 8. d4 Rb8 9. Bf4 b6 10. d5 a6 11. a4 Ne8 12. Qc2 Nc7 13. b4 b5 14. axb5 axb5 15. bxc5 Nxc5 16. cxb5 Bxc3 17. Qxc3 Nxd5 18. Qd4 Nxf4 19. Qxf4 Bd7 20. Qc4 Be6 21. Qc3 Bf5 22. Rb4 Be4 23. Ra1 Qb6 24. h4 Rfc8 25. Qe3 Bxf3 26. Bxf3 Ne6 27. Qd2 h5 28. g4 hxg4 29. Bxg4 f5 30. Qd5 Kf7 31. Bxf5 gxf5 32. Qxf5+ Ke8 33. Qxe6 Qc5 34. Rg4 Kd8 35. b6 1-0

[Event "Titled Tuesday intern op 12th Mar Late"]
[Site "Chess.com INT"]
[Date "2024.03.12"]
[Round "6"]
[White "Domingo Nunez, Alejandro"]
[Black "Kostiukov, Alexandr"]
[Result "1-0"]
[WhiteElo "2316"]
[BlackElo "2271"]
[PlyCount "65"]
[EventDate "2024.03.12"]
[EventType "swiss (blitz)"]
[EventRounds "11"]
[EventCountry "USA"]
[SourceTitle "CB12_2024"]
[SourceDate "2023.10.01"]
[SourceVersion "1"]
[SourceVersionDate "2023.10.01"]
[SourceQuality "1"]

1. Nf3 g6 2. d4 Bg7 3. g3 d6 4. Bg2 Nf6 5. b3 0-0 6. Bb2 c6 7. 0-0 Nbd7 8. c4 Qc7 9. Nc3 a6 10. Rc1 e5 11. dxe5 dxe5 12. Qc2 Nc5 13. Ba3 Bf5 14. Qb2 b6 15. Nh4 Be6 16. b4 Ncd7 17. b5 Nc5 18. Bxc6 Rac8 19. Nd5 Nxd5 20. cxd5 Bh3 21. Rfd1 e4 22. Qb1 g5 23. Ng2 Bf5 24. Ne3 Bg6 25. d6 Qd8 26. d7 Rc7 27. Bxc5 bxc5 28. Nd5 f5 29. Nxc7 Qxc7 30. Qb3+ Kh8 31. b6 Qb8 32. Qd5 f4 33. d8Q 1-0

[Event "Titled Tuesday intern op 12th Mar Late"]
[Site "Chess.com INT"]
[Date "2024.03.12"]
[Round "9"]
[White "Domingo Nunez, Alejandro"]
[Black "Labussiere, Yago"]
[Result "0-1"]
[WhiteElo "2316"]
[BlackElo "2184"]
[PlyCount "90"]
[EventDate "2024.03.12"]
[EventType "swiss (blitz)"]
[EventRounds "11"]
[EventCountry "USA"]
[SourceTitle "CB12_2024"]
[SourceDate "2023.10.01"]
[SourceVersion "1"]
[SourceVersionDate "2023.10.01"]
[SourceQuality "1"]

1. Nf3 Nf6 2. g3 g6 3. b3 Bg7 4. Bb2 d6 5. d4 0-0 6. Bg2 e5 7. dxe5 Ng4 8. c4 Nxe5 9. Nc3 Nxf3+ 10. Bxf3 Nc6 11. 0-0 Be6 12. Qd2 a6 13. Rfe1 Rb8 14. Rad1 Ne5 15. Bg2 b5 16. cxb5 axb5 17. f4 Nd7 18. e4 b4 19. Ne2 Bxb2 20. Qxb2 Qf6 21. e5 dxe5 22. fxe5 Qxe5 23. Nd4 Qc5 24. Kh1 Bd5 25. Nf3 Nb6 26. Qf6 Rfe8 27. Re5 Qc6 28. Qf4 Rxe5 29. Nxe5 Bxg2+ 30. Kg1 Qe6 31. Kxg2 Re8 32. Re1 Nd5 33. Qd4 c6 34. Nf3 Qc8 35. Re5 Qa8 36. Kh3 Qc8+ 37. Kg2 Qa8 38. Kh3 Qc8+ 39. g4 Qb8 40. Kg2 f6 41. Re4 Rd8 42. Qc5 Qd6 43. Qxd6 Rxd6 44. Nd4 Nc3 45. Re6 Rxe6 0-1

[Event "Titled Tuesday intern op 27th Feb Late"]
[Site "Chess.com INT"]
[Date "2024.02.27"]
[Round "3"]
[White "Domingo Nunez, Alejandro"]
[Black "Morales Garcia, Sergio Joshafatt"]
[Result "1-0"]
[WhiteElo "2316"]
[BlackElo "2249"]
[PlyCount "55"]
[EventDate "2024.02.27"]
[EventType "swiss (blitz)"]
[EventRounds "11"]
[EventCountry "USA"]
[SourceTitle "CB10_2024"]
[SourceDate "2024.03.06"]
[SourceVersion "1"]
[SourceVersionDate "2024.03.06"]
[SourceQuality "1"]

1. Nf3 c5 2. g3 Nc6 3. d4 cxd4 4. Nxd4 g6 5. Bg2 Bg7 6. Nb3 d6 7. 0-0 h5 8. h4 Nh6 9. c4 Qc7 10. Nc3 0-0 11. Nd5 Qd8 12. c5 e6 13. Bg5 f6 14. Nxf6+ Rxf6 15. cxd6 Nf7 16. Bxf6 Bxf6 17. Qc2 Kg7 18. Rfd1 Nxd6 19. Bxc6 bxc6 20. Qxc6 Bb7 21. Qxd6 Bd5 22. Qxd8 Bxd8 23. Rac1 Kf6 24. Nc5 Be7 25. e4 Bxa2 26. Nd7+ Kg7 27. Rc7 Bd8 28. Rb7 1-0

[Event "Titled Tuesday intern op 13th Feb Late"]
[Site "Chess.com INT"]
[Date "2024.02.13"]
[Round "4"]
[White "Smieszek, Wojciech"]
[Black "Domingo Nunez, Alejandro"]
[Result "0-1"]
[WhiteElo "2130"]
[BlackElo "2316"]
[PlyCount "54"]
[EventDate "2024.02.13"]
[EventType "swiss (blitz)"]
[EventRounds "11"]
[EventCountry "USA"]
[SourceTitle "CB08_2024"]
[SourceDate "2024.02.21"]
[SourceVersion "1"]
[SourceVersionDate "2024.02.21"]
[SourceQuality "1"]

1. e4 g6 2. d4 Bg7 3. Nc3 c6 4. Be3 d5 5. e5 f6 6. exf6 Nxf6 7. Nf3 Bg4 8. Be2 0-0 9. h3 Bxf3 10. Bxf3 Nbd7 11. Bf4 e5 12. dxe5 Ne4 13. Bxe4 Rxf4 14. Bxd5+ cxd5 15. Qxd5+ Kh8 16. 0-0-0 Qg5 17. Kb1 Nxe5 18. g3 Rf3 19. Rhe1 Raf8 20. h4 Qf5 21. Ne4 Ng4 22. Qxb7 Nxf2 23. Rd7 Qe5 24. Rd5 Qe6 25. Rd7 Nxe4 26. Rxg7 Nd2+ 27. Kc1 Qxe1# 0-1

[Event "Titled Tuesday intern op 16th Jan Early"]
[Site "Chess.com INT"]
[Date "2024.01.16"]
[Round "6"]
[White "Domingo Nunez, Alejandro"]
[Black "Aukhatov, Roman"]
[Result "1-0"]
[WhiteElo "2313"]
[BlackElo "2217"]
[PlyCount "83"]
[EventDate "2024.01.16"]
[EventType "swiss (blitz)"]
[EventRounds "11"]
[EventCountry "USA"]
[SourceTitle "CB04_2024"]
[SourceDate "2023.10.16"]
[SourceVersion "1"]
[SourceVersionDate "2023.10.16"]
[SourceQuality "1"]

1. Nf3 Nf6 2. g3 b6 3. Bg2 Bb7 4. 0-0 e6 5. c4 c5 6. b3 Be7 7. Bb2 0-0 8. d4 cxd4 9. Qxd4 d6 10. Nc3 a6 11. Rfd1 Nbd7 12. Ba3 Qc7 13. Bxd6 Bxd6 14. Qxd6 Rac8 15. Rac1 Qxd6 16. Rxd6 b5 17. Ne5 Bxg2 18. Nxd7 Nxd7 19. Kxg2 Ne5 20. cxb5 axb5 21. Rdd1 b4 22. Ne4 Rxc1 23. Rxc1 Ra8 24. Rc2 h6 25. Nd6 Ra7 26. h3 Kf8 27. f4 Ng6 28. Nc4 Ne7 29. Kf3 Nd5 30. e4 Nc3 31. a4 bxa3 32. Nxa3 Rxa3 33. Rxc3 g6 34. Ke3 h5 35. h4 Kg7 36. Kd4 Ra2 37. b4 Rb2 38. Kc5 Kf6 39. b5 Ke7 40. Kc6 Rb4 41. b6 Kd8 42. Kb7 1-0

[Event "Titled Tuesday intern op 16th Jan Early"]
[Site "Chess.com INT"]
[Date "2024.01.16"]
[Round "11"]
[White "Domingo Nunez, Alejandro"]
[Black "Bowden, Karl"]
[Result "1-0"]
[WhiteElo "2313"]
[BlackElo "2348"]
[PlyCount "59"]
[EventDate "2024.01.16"]
[EventType "swiss (blitz)"]
[EventRounds "11"]
[EventCountry "USA"]
[SourceTitle "CB04_2024"]
[SourceDate "2023.10.16"]
[SourceVersion "1"]
[SourceVersionDate "2023.10.16"]
[SourceQuality "1"]

1. Nf3 Nf6 2. g3 g6 3. b3 Bg7 4. Bb2 0-0 5. Bg2 Nc6 6. c4 a6 7. d4 Rb8 8. d5 Na5 9. Bc3 c5 10. 0-0 b5 11. Nbd2 d6 12. Qc2 Bf5 13. e4 Bd7 14. h3 e5 15. dxe6 Bxe6 16. e5 dxe5 17. Bxe5 Bf5 18. Qc3 b4 19. Qb2 Rc8 20. Rad1 Qb6 21. g4 Bd3 22. Rfe1 Rfe8 23. g5 Nh5 24. Bxg7 Nxg7 25. Ne5 Bf5 26. Ne4 Bxe4 27. Nd7 Qc7 28. Nf6+ Kh8 29. Nxe8 Rxe8 30. Rxe4 1-0

[Event "Titled Tuesday intern op 16th Jan Early"]
[Site "Chess.com INT"]
[Date "2024.01.16"]
[Round "3"]
[White "Urbina Perez, Juan Antonio"]
[Black "Domingo Nunez, Alejandro"]
[Result "0-1"]
[WhiteElo "2266"]
[BlackElo "2313"]
[PlyCount "72"]
[EventDate "2024.01.16"]
[EventType "swiss (blitz)"]
[EventRounds "11"]
[EventCountry "USA"]
[SourceTitle "CB04_2024"]
[SourceDate "2023.10.16"]
[SourceVersion "1"]
[SourceVersionDate "2023.10.16"]
[SourceQuality "1"]

1. Nf3 g6 2. d4 Bg7 3. e4 c6 4. Nbd2 d5 5. c3 dxe4 6. Nxe4 Nf6 7. Nxf6+ exf6 8. Bc4 0-0 9. 0-0 a5 10. a4 Nd7 11. h3 Nb6 12. Bb3 Nd5 13. Re1 Be6 14. Bd2 Qd6 15. Bc2 Rfd8 16. Qc1 b5 17. axb5 cxb5 18. Bh6 a4 19. Bxg7 Kxg7 20. Nd2 f5 21. Bd3 b4 22. Nf3 a3 23. bxa3 bxc3 24. Ne5 Ra4 25. Bc4 Rc8 26. Bb3 Rxd4 27. Nf3 Re4 28. Ng5 Rxe1+ 29. Qxe1 Nf4 30. Bxe6 Nxe6 31. Nf3 c2 32. Rc1 Nf4 33. Qe3 Nd3 34. Ng5 Nxc1 35. Qxc1 Qd1+ 36. Kh2 Qxc1 0-1

[Event "Titled Tuesday intern op 09th Jan Early"]
[Site "Chess.com INT"]
[Date "2024.01.09"]
[Round "7"]
[White "Domingo Nunez, Alejandro"]
[Black "Martinez Pla, Xavier"]
[Result "1-0"]
[WhiteElo "2313"]
[BlackElo "2251"]
[PlyCount "217"]
[EventDate "2024.01.09"]
[EventType "swiss (blitz)"]
[EventRounds "11"]
[EventCountry "USA"]
[SourceTitle "CB03_2024"]
[SourceDate "2024.01.17"]
[SourceVersion "1"]
[SourceVersionDate "2024.01.17"]
[SourceQuality "1"]

1. Nf3 Nf6 2. g3 b6 3. Bg2 Bb7 4. 0-0 e6 5. b3 Be7 6. Bb2 0-0 7. c4 c5 8. d4 cxd4 9. Qxd4 d6 10. Qd2 Nbd7 11. Nc3 a6 12. Rad1 Qc7 13. Rfe1 Rac8 14. e4 Rfd8 15. h3 h5 16. Qe3 Qb8 17. Nd4 Ba8 18. Kh2 Ne5 19. Kh1 Ng6 20. f4 Bf8 21. f5 exf5 22. Nxf5 h4 23. gxh4 Re8 24. Nd5 Nxd5 25. cxd5 Rc2 26. Rd2 Rxd2 27. Qxd2 Qd8 28. h5 Ne5 29. Rf1 Bb7 30. Qe3 Bc8 31. Qg3 Bxf5 32. Rxf5 Qc7 33. Rf2 b5 34. Kh2 a5 35. Qe3 a4 36. Qg3 axb3 37. axb3 Qa7 38. h6 g6 39. Qh4 Kh7 40. Qf6 Bxh6 41. Bxe5 Rxe5 42. Qxf7+ Qxf7 43. Rxf7+ Kg8 44. Rb7 Bf4+ 45. Kg1 Rg5 46. Kf2 Rg3 47. Rxb5 Be5 48. Rb7 Rc3 49. Bf3 Rc2+ 50. Ke3 Rc3+ 51. Ke2 Rc2+ 52. Kd3 Rc3+ 53. Ke2 Rc2+ 54. Kf1 Rh2 55. Bg2 g5 56. b4 g4 57. hxg4 Rh4 58. b5 Rxg4 59. b6 Rf4+ 60. Ke2 Bd4 61. Bf3 Rf8 62. Rd7 Bxb6 63. Rxd6 Bd4 64. Re6 Kg7 65. Bg4 Rf4 66. Bf5 Bf6 67. Ke3 Rf1 68. d6 Bg5+ 69. Kd4 Rd1+ 70. Ke5 Kf7 71. Bg6+ Kg7 72. Bf5 Kf7 73. Rg6 Bh4 74. d7 Rd2 75. Kf4 Bd8 76. Kg4 Rd4 77. Kf4 Bc7+ 78. Kf3 Bd8 79. Ke2 Rb4 80. Rc6 Rd4 81. Rc8 Ke7 82. Ke3 Rd6 83. Kf4 Rd2 84. Rc6 Rd6 85. Rc5 Rd1 86. Re5+ Kd6 87. Re8 Kc7 88. Ke5 Re1 89. Ke6 Re2 90. Rh8 Re1 91. Rh3 Rc1 92. Ra3 Kb6 93. Rb3+ Kc7 94. Rb5 Rc6+ 95. Ke5 Rh6 96. Rc5+ Kb7 97. Rc8 Bc7+ 98. Kd5 Rd6+ 99. Kc4 Rd1 100. Kc3 Rc1+ 101. Kd3 Rd1+ 102. Ke2 Rd6 103. Kf3 Kc6 104. Kg4 Rd4 105. Kg5 Kd6 106. d8Q+ Bxd8+ 107. Rxd8+ Ke5 108. Rxd4 Kxd4 109. Kf6 1-0

[Event "Alicante Dama Negra 4th"]
[Site "Alicante"]
[Date "2023.12.28"]
[Round "5"]
[White "Lopez Varela, Pablo"]
[Black "Domingo Nunez, Alejandro"]
[Result "1-0"]
[WhiteElo "2330"]
[BlackElo "2313"]
[PlyCount "65"]
[EventDate "2023.12.26"]
[EventType "swiss"]
[EventRounds "9"]
[EventCountry "ESP"]
[SourceTitle "CB01_2024"]
[SourceDate "2024.01.03"]
[SourceVersion "1"]
[SourceVersionDate "2024.01.03"]
[SourceQuality "1"]

1. e4 c6 2. d4 g6 3. Nc3 Bg7 4. Nf3 d5 5. h3 dxe4 6. Nxe4 Nf6 7. Nxf6+ exf6 8. Be3 0-0 9. Bd3 a5 10. 0-0 Na6 11. c4 Be6 12. Rc1 Nc7 13. a4 Na6 14. Qd2 Nb4 15. Bb1 Qd7 16. Rfd1 Rfd8 17. Ne1 Bf5 18. Bxf5 Qxf5 19. Nc2 Bf8 20. Nxb4 axb4 21. b3 b5 22. axb5 cxb5 23. c5 Qd5 24. Qxb4 f5 25. Qxb5 Rab8 26. Qc4 Rxb3 27. Qxd5 Rxd5 28. Bf4 Rb4 29. c6 Rd8 30. c7 Rc8 31. d5 Rxf4 32. d6 Bxd6 33. Rxd6 1-0

[Event "Alicante Dama Negra 4th"]
[Site "Alicante"]
[Date "2023.12.26"]
[Round "1"]
[White "Garcia Sanchez, Miguel Angel"]
[Black "Domingo Nunez, Alejandro"]
[Result "0-1"]
[WhiteElo "1676"]
[BlackElo "2313"]
[PlyCount "62"]
[EventDate "2023.12.26"]
[EventType "swiss"]
[EventRounds "9"]
[EventCountry "ESP"]
[SourceTitle "CB01_2024"]
[SourceDate "2024.01.03"]
[SourceVersion "1"]
[SourceVersionDate "2024.01.03"]
[SourceQuality "1"]

1. d4 Nf6 2. Nf3 b6 3. c4 Bb7 4. e3 g6 5. Nbd2 Bg7 6. Bd3 0-0 7. b3 d6 8. 0-0 e5 9. Qc2 Qe7 10. dxe5 dxe5 11. e4 c5 12. Re1 Nc6 13. a3 Rad8 14. Bb2 Nd4 15. Bxd4 exd4 16. b4 Rfe8 17. b5 Qc7 18. g3 Ng4 19. h3 Ne3 20. Qb1 Bc8 21. Kh2 Qd7 22. Ng1 f5 23. fxe3 dxe3 24. Rxe3 Bh6 25. Rf3 Bb7 26. Ra2 Bxd2 27. Rxd2 fxe4 28. Re3 Qf7 29. Qb2 exd3 30. Rdxd3 Rxd3 31. Rxd3 Qf5 0-1

[Event "Titled Tuesday intern op 19th Dec Early"]
[Site "Chess.com INT"]
[Date "2023.12.19"]
[Round "8"]
[White "Domingo Nunez, Alejandro"]
[Black "Rakhimgaliyev, Yerlan"]
[Result "1-0"]
[WhiteElo "2313"]
[BlackElo "2251"]
[PlyCount "131"]
[EventDate "2023.12.19"]
[EventType "swiss (blitz)"]
[EventRounds "11"]
[EventCountry "USA"]
[SourceTitle "CB52_2023"]
[SourceDate "2023.12.27"]
[SourceVersion "1"]
[SourceVersionDate "2023.12.27"]
[SourceQuality "1"]

1. e4 e5 2. Nf3 d6 3. Bc4 Be7 4. 0-0 Nf6 5. Nc3 0-0 6. Re1 Re8 7. d4 exd4 8. Nxd4 Bf8 9. Bf1 Nbd7 10. g3 c6 11. Bg2 a5 12. a4 Nc5 13. h3 Qb6 14. b3 Bd7 15. Bg5 Rad8 16. Bxf6 gxf6 17. Nde2 f5 18. Nf4 fxe4 19. Nxe4 Nxe4 20. Bxe4 d5 21. Bd3 Rxe1+ 22. Qxe1 Qd4 23. Rd1 Qf6 24. Qxa5 Bd6 25. Nh5 Qg5 26. h4 Qe7 27. Re1 Qf8 28. Nf6+ Kh8 29. Nxh7 Qg8 30. Nf6 Qf8 31. Qd2 Qg7 32. Nxd7 Bxg3 33. Qg5 Bxh4 34. Qxg7+ Kxg7 35. Ne5 Bf6 36. Ng4 Bc3 37. Re7 b6 38. Rb7 Bd4 39. Ne3 Kf6 40. Nf5 Bc5 41. b4 Bxb4 42. Rxb6 Bf8 43. Rxc6+ Ke5 44. a5 Rb8 45. Rb6 Ra8 46. a6 Bc5 47. Rb7 f6 48. Kg2 Kf4 49. Rb5 Rc8 50. Rxc5 Rxc5 51. Nd6 Ra5 52. Nc8 Ke5 53. a7 Ke6 54. Kf3 Kd7 55. Bf5+ Kc7 56. Kg4 Kb7 57. Kh5 Ra4 58. Kg6 Rf4 59. Kxf6 Rxf2 60. Ke5 Rh2 61. Kxd5 Rh5 62. Ke4 Rh4+ 63. Kd3 Rh5 64. Be4+ Kxc8 65. a8Q+ Kc7 66. Qb7+ 1-0

[Event "Titled Tuesday intern op 19th Dec Early"]
[Site "Chess.com INT"]
[Date "2023.12.19"]
[Round "9"]
[White "Zhigalko, Sergei"]
[Black "Domingo Nunez, Alejandro"]
[Result "1-0"]
[WhiteElo "2572"]
[BlackElo "2313"]
[PlyCount "49"]
[EventDate "2023.12.19"]
[EventType "swiss (blitz)"]
[EventRounds "11"]
[EventCountry "USA"]
[SourceTitle "CB52_2023"]
[SourceDate "2023.12.27"]
[SourceVersion "1"]
[SourceVersionDate "2023.12.27"]
[SourceQuality "1"]

1. e4 g6 2. d4 Bg7 3. Nc3 c6 4. Nf3 d5 5. Bd3 dxe4 6. Nxe4 Nf6 7. 0-0 0-0 8. Re1 Nbd7 9. c3 a5 10. Bg5 Nb6 11. Qd2 Bg4 12. Ne5 Be6 13. Bh6 Nbd7 14. Bxg7 Kxg7 15. Ng5 Bf5 16. Bxf5 gxf5 17. Nexf7 Qe8 18. Nd6 Qg6 19. Rxe7+ Kh8 20. Ngf7+ Kg8 21. Nh6+ Kh8 22. Ndf7+ Kg7 23. Ne5+ Kh8 24. Nxg6+ hxg6 25. Qg5 1-0

[Event "Titled Tuesday intern op 14th Nov Early"]
[Site "Chess.com INT"]
[Date "2023.11.14"]
[Round "2"]
[White "Domingo Nunez, Alejandro"]
[Black "Mende, Andreas"]
[Result "1-0"]
[WhiteElo "2313"]
[BlackElo "2106"]
[PlyCount "65"]
[EventDate "2023.11.14"]
[EventType "swiss (blitz)"]
[EventRounds "11"]
[EventCountry "USA"]
[SourceTitle "CB47_2023"]
[SourceDate "2023.11.22"]
[SourceVersion "1"]
[SourceVersionDate "2023.11.22"]
[SourceQuality "1"]

1. Nf3 g6 2. e4 Bg7 3. d4 d6 4. h3 c6 5. Bd3 b5 6. 0-0 Nd7 7. Re1 e5 8. a4 b4 9. dxe5 dxe5 10. Nbd2 Qe7 11. Nc4 Ngf6 12. Bd2 0-0 13. a5 Ne8 14. Ra4 Rb8 15. Bf1 Ba6 16. Ncxe5 Nxe5 17. Bxa6 Nxf3+ 18. Qxf3 Bxb2 19. Rb1 Nc7 20. Bc4 Ba3 21. Bh6 Rfe8 22. h4 Nb5 23. Bg5 Qf8 24. Bf6 Nd6 25. Bd3 c5 26. e5 Nb5 27. Bxb5 Rxb5 28. Rxa3 bxa3 29. Rxb5 a2 30. Qa3 Rb8 31. Rxb8 Qxb8 32. Qxa2 Qb4 33. Qb3 1-0

[Event "Titled Tuesday intern op 12th Sep Late"]
[Site "Chess.com INT"]
[Date "2023.09.12"]
[Round "7"]
[White "Blanco Diez, David"]
[Black "Domingo Nunez, Alejandro"]
[Result "0-1"]
[WhiteElo "2298"]
[BlackElo "2313"]
[PlyCount "70"]
[EventDate "2023.09.12"]
[EventType "swiss (blitz)"]
[EventRounds "11"]
[EventCountry "USA"]
[SourceTitle "EXT 2024"]
[Source "ChessBase"]
[SourceDate "2023.10.10"]
[SourceVersion "1"]
[SourceVersionDate "2023.10.10"]
[SourceQuality "1"]

1. Nf3 g6 2. e4 Bg7 3. d4 c6 4. h3 d5 5. e5 f6 6. exf6 Nxf6 7. Bd3 0-0 8. 0-0 Qd6 9. c3 Nbd7 10. Re1 Nh5 11. Bg5 e5 12. dxe5 Nxe5 13. Nxe5 Bxe5 14. Bh6 Bd7 15. Bxf8 Rxf8 16. Be2 Qc5 17. Bf3 Bg7 18. Nd2 Nf4 19. Nb3 Qd6 20. Nd4 Kh8 21. a4 a6 22. a5 c5 23. Nc2 d4 24. cxd4 cxd4 25. Qd2 Nxh3+ 26. gxh3 Rxf3 27. Ra3 Rf8 28. Qb4 Qf4 29. Rf1 Bc6 30. Rg3 Qe4 31. Kh2 Qxc2 32. Qe7 Rxf2+ 33. Kg1 Rg2+ 34. Kh1 Rxg3+ 35. Qe4 Bxe4+ 0-1

[Event "Titled Tuesday intern op 12th Sep Late"]
[Site "Chess.com INT"]
[Date "2023.09.12"]
[Round "9"]
[White "Doluhanova, Evgeniya"]
[Black "Domingo Nunez, Alejandro"]
[Result "0-1"]
[WhiteElo "2230"]
[BlackElo "2313"]
[PlyCount "66"]
[EventDate "2023.09.12"]
[EventType "swiss (blitz)"]
[EventRounds "11"]
[EventCountry "USA"]
[SourceTitle "EXT 2024"]
[Source "ChessBase"]
[SourceDate "2023.10.10"]
[SourceVersion "1"]
[SourceVersionDate "2023.10.10"]
[SourceQuality "1"]

1. Nf3 Nf6 2. g3 g6 3. Bg2 Bg7 4. 0-0 0-0 5. d4 d6 6. Bg5 Nbd7 7. Nbd2 c5 8. e4 cxd4 9. Nxd4 Nc5 10. b4 Ne6 11. Nxe6 Bxe6 12. c4 h6 13. Bxf6 Bxf6 14. Rc1 a5 15. b5 Qb6 16. a4 Rac8 17. Qe2 Rc7 18. Rc2 Rfc8 19. Rfc1 Qc5 20. Qe3 Bd4 21. Qe2 Qb4 22. Qd3 Bb6 23. Bf1 Qxa4 24. Rb1 Bc5 25. Nb3 Ba3 26. Nd2 Bb4 27. Nb3 Bxc4 28. Rxc4 Rxc4 29. Ra1 Qxb5 30. Nd4 Qe5 31. Rd1 Rc3 32. Qb5 Qxb5 33. Nxb5 Rc1 0-1

[Event "Titled Tuesday intern op 12th Sep Early"]
[Site "Chess.com INT"]
[Date "2023.09.12"]
[Round "3"]
[White "Domingo Nunez, Alejandro"]
[Black "Lesbekova, Asel"]
[Result "0-1"]
[WhiteElo "2313"]
[BlackElo "1805"]
[PlyCount "44"]
[EventDate "2023.09.12"]
[EventType "swiss (blitz)"]
[EventRounds "11"]
[EventCountry "USA"]
[SourceTitle "EXT 2024"]
[Source "ChessBase"]
[SourceDate "2023.10.10"]
[SourceVersion "1"]
[SourceVersionDate "2023.10.10"]
[SourceQuality "1"]

1. Nf3 d5 2. g3 e6 3. Bg2 Nf6 4. 0-0 c5 5. c4 Nc6 6. d4 dxc4 7. Qa4 cxd4 8. Nxd4 Bd7 9. Nxc6 bxc6 10. Bxc6 Rc8 11. Bxd7+ Qxd7 12. Qxd7+ Nxd7 13. Be3 Bc5 14. Bxc5 Nxc5 15. Rc1 Ne4 16. Na3 c3 17. bxc3 Nxc3 18. Rc2 Kd7 19. e4 Nxe4 20. Rd1+ Ke7 21. Rb2 Rb8 22. Re2 Nc3 0-1

[Event "Titled Tuesday intern op 12th Sep Late"]
[Site "Chess.com INT"]
[Date "2023.09.12"]
[Round "6"]
[White "Domingo Nunez, Alejandro"]
[Black "Rudzinska, Michalina"]
[Result "1-0"]
[WhiteElo "2313"]
[BlackElo "2228"]
[PlyCount "47"]
[EventDate "2023.09.12"]
[EventType "swiss (blitz)"]
[EventRounds "11"]
[EventCountry "USA"]
[SourceTitle "EXT 2024"]
[Source "ChessBase"]
[SourceDate "2023.10.10"]
[SourceVersion "1"]
[SourceVersionDate "2023.10.10"]
[SourceQuality "1"]

1. Nf3 Nf6 2. g3 d5 3. Bg2 e6 4. 0-0 Be7 5. c4 0-0 6. b3 c6 7. Bb2 Nbd7 8. d4 b6 9. Nc3 Bb7 10. Qc2 Rc8 11. Rfd1 c5 12. cxd5 Nxd5 13. dxc5 Bxc5 14. Rac1 Qe7 15. Qb1 N7f6 16. Nb5 a6 17. Nbd4 Ne4 18. Qxe4 Nc3 19. Qg4 Nxd1 20. Nf5 Bxf2+ 21. Kh1 Bd4 22. Nxe7+ Kh8 23. Qxd4 Rcd8 24. Qxg7# 1-0